000 00638nam a2200229Ia 4500
003 OSt
005 20220923220252.0
006 a|||||r|||| 00| 0
007 ta
008 220922b |||||||| |||| 00| 0 hin d
024 _a185,580
037 _cTextual
040 _aARTS
_cARTS
_bhin
041 _2hin
_ahin
082 _aY1, 152J4
100 _aसत्यव्रत
_9156277
245 0 _aसमाज शस्त्र के मूल तत्र्व
246 _aSamāj shastra ke mūl tatrva
260 _c1954
942 _hY1, 152J4
_cTEXL
_2CC
999 _c338826
_d338826